000 01086nam a2200277Ia 4500
003 OSt
005 20221005104912.0
006 a|||||r|||| 00| 0
007 ta
008 221004b |||||||| |||| 00| 0 hin d
020 _a9788126043200 (hbk)
_cINR 300.00
024 _a37083
037 _bBW/1663, 14/03/2018, Bookwell
_cTextual
040 _aCRL
_cCRL
_bhin
041 _2hin
_ahin
082 _aO152,1M88x, Q4
100 _aपालीवाल, कृष्णदत्त, संपा.
245 0 _aमाखनलाल चतुर्वेदी रचना संचयन
246 _aMākhanalāl chaturvedī rachanā sanchayana
260 _aदिल्ली
_bसाहित्य अकादेमी भारत
_c2014
300 _a490पृ0
_ccm.
650 _a हिन्दी साहित्य
650 _aहिन्दी कविता
942 _hO152,1M88x, Q4
_cTEXL
_2cc
999 _c1014131
_d1014131